000 00716nam a2200229Ia 4500
003 OSt
005 20240516141352.0
008 210716s2002 xx 000 0 und d
020 _a0070486735
040 _cAIMIT LIBRARY
041 _aeng
082 _a005.1331
_21
_bSCHH
100 _aSchildt, Herbert.
_9164843
245 _aC++:
_bbeginners guide /
_cBy Herbert Schildt.
250 _a1st ed.
260 _aNew Delhi :
_bTata McGraw Hill Publishing Company Ltd ,
_c2002.
300 _axxii,631p. ;
_bPB
_c23 cm.
650 _aC++ fundamentals
_9164844
650 _aIntroducing data types and operators
_9164845
650 _aProgram control statements
_9164846
942 _2ddc
_cBK
_e1st ed.
_k005.1331 SCHH
999 _c185972
_d185972